000 00618cab a2200217 4500
001 WB3236-30
008 090401t1996 xxu||||| |||| 00| 0 eng d
035 _a(Sirsi) u8003
041 _aeng
245 _aOffers in an envelope
260 _c1996
350 _a0
490 _aIndependent
_v21 September 1996, 20(2)
520 _aOffers advice on the pitfalls of selling or buying a house using the process of `best and final offers` or `sealed bids`.
650 _aBEST AND FINAL OFFERS
650 _aHOUSE SALES
650 _aSEALED BIDS
690 _aHOUSING-FINANCE
942 _n0
948 _c04/03/1997
999 _c4874
_d4874